Best NBA player for each listed height - Statistics

General Stats
  • This quiz has been taken 27 times
  • The average score is 11 of 28
Answer Stats
Hint Answer % Correct
6,9 LeBron James
95%
6,6 Michael Jordan
86%
6,2 Stephen Curry
81%
5,3 Muggsy Bogues
76%
7,1 Shaquille O'Neal
71%
7,7 Manute Bol
67%
6,10 Kevin Durant
62%
7,5 Victor Wembanyama
62%
7,6 Yao Ming
62%
5,11 Allen Iverson
57%
7,2 Kareem Abdul-Jabbar
57%
6,11 Tim Duncan
52%
6,0 Chris Paul
43%
5,9 Isaiah Thomas
43%
5,7 Spud Webb
43%
7,0 Hakeem Olajuwon
33%
6,4 Dwyane Wade
29%
6,1 John Stockton
29%
6,7 Kawhi Leonard
29%
6,8 Scottie Pippen
19%
5,5 Earl Boykins
14%
6,5 Oscar Robertson
10%
7,4 Boban Marjanović
5%
6,3 Derrick Rose
5%
5,6 Mel Hirsch
5%
7,3 Arvydas Sabonis
0%
5,8 Charlie Criss
0%
5,10 Slater Martin
0%
No matching quizzes found
Score Distribution
Percent of People with Each Score
Percentile by Number Answered
Your Score History
You have not taken this quiz